000 01002naa a22003017a 4500
001 BR9102369
003 BR-BrBNA
005 20240918180718.0
007 ta
008 230509b bl.||||| |||| 00| 0 por d
040 _aBR-BrBNA
_bpor
_cBiblioteca Nacional de Agricultura
041 _a(Pt)
072 _aL02
_b1900
090 _aL02 BR9102369
100 1 _aLobato, J.F.P.
111 1 _aSeminario O Salto das Forrageiras
_cEsteio, RS (Brazil)
_d31 Aug 1990
245 1 _aPastagens de inverno-primavera: valiosas ferramentas de trabalho
260 3 _aEsteio, RS (Brasil):
_c1990.
500 _aSeminario O Salto das Forrageiras. Anais Esteio, RS (Brasil): 1990. p. 61-70 (BR9102369-AM)L02
650 _aPASTAGEM
650 _aMANEJO
650 _aPASTEJO
650 _aGANHO DE PESO
650 _aPRODUTIVIDADE
773 0 _tSeminario O Salto das Forrageiras. Anais
_wL02 BR9102369
_gEsteio, RS (Brasil), 1990. p. 61-70
909 _a202404
_bLucia
_c55
_dLucia Elande
942 _cAM
_2AGRIS
999 _c321774
_d321774